[Event "Cracovia Chess Festival A 2021"]
[Site "Cracow"]
[Date "2022.01.02"]
[Round "6.1"]
[White "Cukrowski, Filip"]
[Black "Horvath, Dominik"]
[Result "1/2-1/2"]
[WhiteElo "2367"]
[BlackElo "2478"]
[Annotator "TA"]
[PlyCount "118"]
[EventDate "2021.12.27"]
[EventCountry "POL"]
[SourceTitle "playchess.com"]
[Source "ChessBase"]
[SourceQuality "1"]

{[%evp 9,118,12,16,7,22,20,21,15,18,0,0,0,0,0,-12,-41,-25,-26,-13,-14,-12,-14,-8,-17,0,-17,-17,-17,-17,-21,-17,-29,-17,-17,-20,-30,-3,-4,-6,-3,0,0,0,-17,-13,-17,-22,-22,-17,-17,0,0,0,0,0,0,0,0,0,0,0,0,0,0,0,0,0,-17,0,0,0,0,0,0,0,0,0,-16,-16,-16,-16,-36,-36,-36,-36,-36,-36,-36,0,-36,-36,-36,-36,-36,0,0,0,0,0,0,0,0,0,0,0,0,0,0,0,0,0]} 1. d4 d5 2. Nf3 Nf6 3. g3 c6 4. Bg2 Bg4 5. Nbd2 Nbd7 6. O-O {D02: 1 d4 d5 2 Nf3 sidelines, including 2...Nf6 3 g3 and 2...Nf6 3 Bf4.} h6 7. Re1 Bf5 8. c4 e6 9. b3 Be7 10. Bb2 O-O 11. Ne5 a5 12. e4 Nxe4 13. Nxe4 {[#] aiming for Nxd7.} Bxe4 14. Bxe4 dxe4 15. Rxe4 Nxe5 {[#]} 16. dxe5 $146 ({Predecessor:} 16. Rxe5 Bf6 17. Re2 Qd6 18. Qd3 Rfd8 19. Rd1 Rd7 20. Qe4 a4 21. Red2 axb3 22. axb3 {½-½ (77) Kamer,K (2290)-Blohberger,F (2433) Porto Carras 2018}) 16... Qb6 17. Bd4 c5 18. Bc3 a4 19. Re1 Qc6 20. Qc2 Rfd8 21. Rad1 axb3 22. axb3 Qf3 23. Rxd8+ Rxd8 24. Re3 $1 {Inhibits Rd3.} Qd1+ 25. Qxd1 Rxd1+ $11 {[%mdl 4096] Endgame KRB-KRB} 26. Re1 Rd3 27. Re3 Rxe3 28. fxe3 {KB-KB} b6 29. Kg2 Kh7 30. Kf3 Kg6 31. e4 Kh5 32. h3 Kg5 33. Bd2+ Kg6 34. Bc3 Kh5 35. Be1 Kg6 36. Bc3 h5 37. Be1 Kh7 38. Ke2 Kh8 39. Kd3 Kg8 40. Bf2 Kf8 41. b4 Ke8 42. bxc5 bxc5 43. Kc3 Kd7 44. Kb3 Kc6 45. g4 hxg4 46. hxg4 Bg5 47. Be1 Be3 48. Bc3 Kd7 49. Kc2 Bg1 50. Kb3 Bf2 51. Kc2 Ke7 52. Kb3 {The position is equal.} Bg1 53. Bb2 Bd4 54. Bxd4 cxd4 {KP-KP} 55. c5 {[#] Kc4 is the strong threat.} Kd7 56. Kc4 Kc6 $1 57. Kxd4 {Strongly threatening Kc4.} Kb5 58. c6 Kxc6 59. Kc4 Kb6 {Weighted Error Value: White=0.04 (flawless) /Black=0.05 (flawless)} 1/2-1/2

[Event "Cracovia Chess Festival A 2021"]
[Site "Cracow"]
[Date "2022.01.02"]
[Round "6.2"]
[White "Pacan-Milej, Kosma"]
[Black "Licznerski, Lukasz"]
[Result "0-1"]
[WhiteElo "2401"]
[BlackElo "2411"]
[Annotator "TA"]
[PlyCount "82"]
[EventDate "2021.12.27"]
[EventCountry "POL"]
[SourceTitle "playchess.com"]
[Source "ChessBase"]
[SourceQuality "1"]

{[%evp 21,82,66,72,55,75,62,76,50,70,31,62,25,123,112,116,119,123,119,118,128,156,124,156,168,217,226,241,207,241,225,368,375,353,79,70,80,79,5,10,13,131,118,297,295,264,257,235,212,744,763,4718,4714,29971,0,0,0,0,-438,-433,-655,-643,-509,-231]} 1. d4 {[%cal Bd2d4,Bd4d5][%mdl 32]} Nf6 2. c4 c5 3. d5 b5 4. cxb5 a6 5. bxa6 Bxa6 6. Nc3 d6 7. Nf3 g6 8. e4 Bxf1 9. Kxf1 Bg7 10. g3 O-O 11. Kg2 Qb6 12. a4 {A59: Benko/Volga Gambit: White castles by hand.} Na6 13. Qe2 (13. a5 $5 {[%cal Ra5b6]} Qb4 14. Nd2 $16) 13... Nc7 14. Rd1 {White is better.} Nd7 {[#]} 15. Bf4 $146 ({Predecessor:} 15. Ra3 Rfb8 16. Nd2 Qa6 17. Nb5 Nxb5 18. axb5 Qb7 19. Nb1 Rxa3 20. Nxa3 Qa7 21. Bg5 {0-1 (53) Carbone,D (2236)-Coppola,C (2248) Montevideo 2021}) 15... Rfb8 16. Rd2 Ne5 (16... Qa6 $11) 17. Nxe5 $16 Bxe5 18. Bxe5 dxe5 19. f4 Qd6 20. Rf1 f6 21. Qf2 exf4 22. gxf4 {[%cal Bg3f4,Bf4f5,Bf5g6][%mdl 32]} (22. Qxf4 Qxf4 23. gxf4 Kf7 $16) 22... Rb4 (22... Ne8 $142 23. e5 Qc7) 23. e5 $18 Qd7 24. Kh1 (24. Qxc5 $6 Qg4+ 25. Kh1 Rxf4) 24... Rab8 25. f5 (25. Qxc5 $6 Rxb2 26. Rxb2 Rxb2 $16) 25... fxe5 (25... Qxf5 $142 26. Qxf5 (26. exf6 Qxf2 27. Rfxf2 exf6 $16) 26... gxf5) 26. fxg6 {[#] White wants to mate with Qf7+.} Rf4 {Inhibits Qf7+.} 27. Qg2 $2 (27. gxh7+ $18 Kxh7 28. Qe2 Rxf1+ 29. Qxf1) 27... Rxf1+ $16 28. Qxf1 {Intending Qf7+ and mate.} hxg6 29. Rg2 $40 {[%mdl 128] Black needs to defend precisely.} ({Better is} 29. Qg2 $16 Qf5 30. Rf2) 29... Kg7 $11 30. Qd3 Rb6 (30... Qd6 $11 {remains equal.}) 31. a5 Rf6 (31... Rd6 $16) 32. Ne4 $18 {[%csl LRc5,LRf6]} Rf4 {[%cal Oc5c4]} 33. Nxc5 Qe8 34. a6 {Threatens to win with a7.} Qf7 $2 (34... Rd4 35. Qe2 Rxd5) 35. a7 {[%cal Oc5e6] Black must now prevent Ne6+!} Rf3 36. Ne6+ Kh8 37. Nxc7 $2 Rxd3 $11 38. a8=Q+ Kh7 {( -> ...Rd1+)} 39. Qa1 {[%mdl 8192] To avoid Rd1+} (39. Ne6 $2 {leads to mate.} Rd1+ 40. Rg1 Qf3#) (39. d6 $1 $11 Qf4 40. dxe7 Rd1+ 41. Rg1 Rxg1+ 42. Kxg1 Qc1+ 43. Kf2 Qd2+ 44. Kf3 Qd3+ 45. Kg4 (45. Kg2 Qd2+ 46. Kg3 Qf4+ 47. Kh3 Qe3+ 48. Kg2 Qd2+ 49. Kf3 Qd3+ 50. Kg4 Qf5+ 51. Kh4 Qf4+ 52. Kh3 Qe3+ 53. Kg2 Qd2+ $11) 45... Qf5+ 46. Kh4 Qf4+ 47. Kh3 Qe3+ 48. Kh4 Qh6+ 49. Kg3 (49. Kg4 Qf4+ 50. Kh3 Qe3+ 51. Kh4 Qh6+ 52. Kg3 Qf4+ 53. Kh3 $11) 49... Qf4+ 50. Kh3 Qe3+ 51. Kh4 Qh6+ 52. Kg4 Qf4+ 53. Kh3) 39... Qf3 $19 {Hoping for ...Rd1+. Black is clearly winning.} 40. Qg1 (40. h3 $142 Rd1+ 41. Qxd1 Qxd1+ 42. Kh2) 40... Rd1 41. Ne6 {And now Ng5+ would win.} Rxg1+ {Weighted Error Value: White=0.70/Black=0.67} (41... Kh6 $142 42. h4 Rxg1+ 43. Kxg1 Qxd5) 0-1

[Event "Cracovia Chess Festival A 2021"]
[Site "Cracow"]
[Date "2022.01.02"]
[Round "6.3"]
[White "Zylka, Stanislaw"]
[Black "Kozak, Antoni"]
[Result "0-1"]
[WhiteElo "2406"]
[BlackElo "2356"]
[Annotator "TA"]
[PlyCount "124"]
[EventDate "2021.12.27"]
[EventCountry "POL"]
[SourceTitle "playchess.com"]
[Source "ChessBase"]
[SourceQuality "1"]

{[%evp 19,124,11,23,-18,17,18,19,15,19,14,19,17,16,0,0,0,-11,-7,0,-16,-8,-8,-12,-18,-27,-23,-23,-35,-29,-23,-9,-10,-22,-16,0,-27,-21,-29,-21,-21,-16,-47,-25,-51,-64,-52,-57,-68,-69,-80,-76,-90,-79,-260,-246,-270,-279,-270,-285,-267,-221,-222,-198,-180,-140,-200,-114,-227,-215,-198,-81,-262,-60,-262,-201,-236,-240,-243,-228,-241,-245,-353,-307,-320,-345,-322,-336,-333,-309,-400,-385,-348,-12,-553,-544,-797,-805,-1476,-1394,-2447,-2002,-29969,-29970,-29959,-700,-5732,-5724]} 1. d4 Nf6 2. c4 e6 3. Nc3 d5 4. cxd5 exd5 5. Bg5 c6 6. e3 Be7 7. Qc2 Nbd7 8. Bd3 O-O 9. Nf3 Re8 10. O-O Nf8 11. Bf4 {D36: Queen's Gambit Declined: Exchange Variation: Main line (5 Bg5 c6 6 Qc2).} (11. h3 $142) 11... Bg4 12. Ne5 Bh5 13. Rab1 {[#] The position is equal.} a5 $146 ({Predecessor:} 13... N6d7 14. b4 Nxe5 15. dxe5 a6 16. Bg3 Bg5 17. f4 Bh4 18. Qf2 Bxg3 19. Qxg3 f6 {1-0 (29) Schweda,R (2386)-Mohrholz,U (2131) Playchess.com INT 2004}) 14. a3 Bg6 15. Nxg6 hxg6 16. b4 Ne6 17. Bg3 axb4 18. axb4 b5 {Inhibits Na4.} 19. Ne2 {[%cal Bc3e2,Be2c1,Bc1d3,Bd3e5][%mdl 32]} Qd7 20. Nc1 Ra4 21. Be2 Bxb4 22. Nd3 Bd6 {[%cal Oa4d4]} 23. Bxd6 Qxd6 24. Ne5 Ra6 25. Rfc1 {[%cal Re5c6]} Nd8 26. Nd3 Ra4 27. Nc5 (27. Ra1 $5 {[%cal Ra1a4]}) 27... Ra7 28. Nd3 Ree7 29. g3 Ra4 30. Nc5 Ra8 31. Ra1 Rea7 32. Rxa7 Rxa7 33. Nd3 Nd7 34. h4 Nb6 35. Nf4 Nc4 36. Bxc4 $2 (36. e4 $17 {was worth a try.}) 36... dxc4 $19 ({Worse is} 36... bxc4 37. Qb2 $17) 37. d5 cxd5 {Strongly threatening ...Ne6.} 38. Rd1 Ne6 39. Nxd5 {[%cal Od5f6] [#] Hoping for Nf6+!} Qe5 {Prevents Nf6+.} 40. Qb1 Rb7 {[%cal Ob5b4]} 41. Qb4 Qb8 42. Ra1 (42. Kg2 $17) 42... Qf8 ({Black should try} 42... Nc7 $19 43. e4 Nxd5 44. exd5 Qf8) 43. Qc3 (43. Qxf8+ $17 Nxf8 44. Nb4) 43... Qd6 44. e4 Rb8 (44... Nc5 $19 {is more deadly.} 45. Ra8+ Kh7) 45. Kg2 $2 (45. Ra7 $17) 45... Qc5 $2 ({Black should play} 45... Nc5 $19 46. f3 Nd3) 46. Rh1 $2 (46. Qe5 $15 Re8 47. Ra6) 46... Qd4 47. Qf3 Re8 {Prevents Ne7+.} 48. Rd1 {[#]} Qe5 49. Qe3 Nc7 {aiming for ...Nxd5.} 50. Qf3 (50. Nb4 {was forced.}) 50... Nxd5 51. Rxd5 {[%mdl 4096] Endgame KQR-KQR} Qb8 {Threatens to win with ...b4.} (51... Qxe4 52. Qxe4 Rxe4 53. Rxb5 $11) 52. h5 gxh5 53. Qxh5 b4 ({Stronger than} 53... Rxe4 54. Rxb5 Qd8 55. Rc5 $15 (55. Rb7 Re7 $17)) 54. Rd7 Rf8 55. Rd1 g6 $2 ({Better is} 55... Qb7 $19 56. Qf5 Re8) 56. Qh4 {[%mdl 8192]} (56. Qc5 $1 $11) 56... Qe5 57. Rd5 Qe6 58. Qf4 Re8 {...b3 is the strong threat.} 59. Rb5 b3 60. Qe3 Qxe4+ 61. Qxe4 Rxe4 62. Rb4 Re1 {Weighted Error Value: White=0.89/Black=0.31} 0-1

[Event "Cracovia Chess Festival A 2021"]
[Site "Cracow"]
[Date "2022.01.02"]
[Round "6.4"]
[White "Warakomski, Tomasz"]
[Black "Sinz, Bernhard"]
[Result "1-0"]
[WhiteElo "2535"]
[BlackElo "2330"]
[Annotator "TA"]
[PlyCount "69"]
[EventDate "2021.12.27"]
[EventCountry "POL"]
[SourceTitle "playchess.com"]
[Source "ChessBase"]
[SourceQuality "1"]

{[%evp 16,69,37,32,25,0,0,-31,-16,-41,-42,-48,-15,-15,-17,-14,7,0,0,-1,91,78,216,228,276,243,318,227,341,350,323,338,450,443,431,448,494,500,703,695,659,552,565,554,637,501,717,703,983,949,1383,1218,1294,1273,1043,987]} 1. b3 g6 2. Bb2 Nf6 3. c4 Bg7 4. g3 O-O 5. Bg2 c6 6. Nf3 d5 7. O-O Bg4 8. d4 Nbd7 9. Nbd2 a5 {[%cal Ba7a5,Ba5a4,Ba4a3][%mdl 32] D78: Fianchetto Grünfeld: 6 0-0 c6.} 10. Ne1 a4 {[#]} 11. Kh1 $146 ({Predecessor:} 11. h3 Be6 12. Nd3 Bf5 13. Nb4 Qb6 14. a3 axb3 15. Qxb3 dxc4 16. Nxc4 Qa7 17. Nd3 {½-½ (45) Yasin,H (2087)-Kanmazalp,O (2431) Antalya 2017}) 11... Qb6 {Black is slightly better.} 12. cxd5 cxd5 13. f3 Bf5 14. e4 {[#]} a3 $1 15. Bc3 dxe4 16. fxe4 Bg4 17. Nc4 Qa6 (17... Qe6 $11 {keeps the balance.} 18. Qd3 Bh3) 18. Qd2 {Black must now prevent e5.} b5 {This move loses the game for Black.} (18... Be6 $16) 19. Ne3 $18 {Hoping for e5.} Bh6 {[%cal Ob5b4]} 20. Nd3 ({Don't do} 20. e5 $6 b4 $16) 20... Rad8 21. Bb4 Qe6 (21... Qb7 $142 22. Nf4 (22. Bxe7 Nxe4 23. Nf4 Nxd2 $14) 22... e5) 22. Nf4 ({Less strong is} 22. Bxa3 Ra8 $16) 22... Bxf4 23. Rxf4 g5 {[#]} 24. Rxg4 {[%mdl 512] White is clearly winning.} Nxg4 25. Nf5 {[%mdl 64] Discovered Attack} h6 26. Bxe7 Rfe8 27. Bxd8 Rxd8 28. Rf1 Kh7 29. Qc2 Nf8 30. h3 Rc8 31. Qd3 Nf6 32. e5 {aiming for Nd6+.} Nh5 33. Nd6+ Kg8 34. Nxc8 Qxc8 35. Qf3 {Weighted Error Value: White=0.28 (precise) /Black=0.54} 1-0

[Event "Cracovia Chess Festival A 2021"]
[Site "Cracow"]
[Date "2022.01.02"]
[Round "6.5"]
[White "Seemann, Jakub"]
[Black "Leniart, Arkadiusz"]
[Result "0-1"]
[WhiteElo "2312"]
[BlackElo "2472"]
[Annotator "TA"]
[PlyCount "64"]
[EventDate "2021.12.27"]
[EventCountry "POL"]
[SourceTitle "playchess.com"]
[Source "ChessBase"]
[SourceQuality "1"]

{[%evp 13,64,23,31,36,22,15,28,13,30,16,32,28,27,22,93,-5,9,10,16,15,18,17,8,0,0,0,0,0,0,0,0,0,0,-400,-403,-438,-438,-474,-470,-622,-615,-950,-687,-757,-695,-29985,-29986,-29991,-29992,-29992,-29988,-29988,-29989]} 1. e4 e5 2. Nf3 Nc6 3. Bb5 a6 4. Ba4 Bc5 5. O-O Nf6 6. c3 Ba7 7. d4 O-O {The modern move.} 8. Re1 {C78: Ruy Lopez: Archangelsk and Möller Defences.} b5 9. Bc2 d6 10. h3 {White has an edge.} Re8 11. Be3 exd4 12. cxd4 Nb4 (12... Nxe4 $2 13. d5 $16) 13. Nbd2 (13. Bb3 {keeps more tension.} c5 14. a3 Nc6 15. Nc3 Bb7 16. e5) 13... Bb7 {[#]} (13... c5 $11 {keeps the balance.}) 14. d5 $146 (14. Bb1 $1 $16) ({Predecessor:} 14. Bb1 Bxe4 15. Nxe4 Nxe4 16. Qb3 c5 17. a3 cxd4 18. Bxd4 Nxf2 19. Rxe8+ Qxe8 20. Qxb4 Qe2 21. Bxa7 Nxh3+ 22. gxh3 Qxf3 23. Bf2 Qxh3 24. Qh4 {1-0 (24) Robson,R (2670)-Stefanova,A (2479) Douglas 2019}) 14... c6 15. dxc6 Bxc6 16. Bb1 {Hoping for Bxa7.} Bxe3 17. Rxe3 {Black must now prevent a3.} Bb7 18. a3 Nc6 19. Ba2 Ne5 20. Qb3 Qd7 21. Nxe5 Rxe5 22. Rd1 Rae8 {[%cal Rb7e4]} 23. f3 $2 {[%mdl 8192] [#]} (23. Qb4 $11 {and White has nothing to worry.}) 23... Bd5 $1 $19 {[%mdl 512]} 24. Qc2 (24. Qd3 Bxa2) 24... Bxa2 25. b3 {[#]} Nd5 $1 {[%cal Bf6d5,Bd5f4,Bf4h3][%mdl 32]} 26. Ree1 (26. Rd3 Qa7+) 26... Nf4 27. Qxa2 Rg5 28. g4 Nxh3+ 29. Kg2 {[#]} Rxg4+ $1 {[%mdl 512] Black mates.} 30. fxg4 (30. Kh2 Rh4) 30... Qxg4+ 31. Kh2 Nf4 {[%csl Gf4][%cal Rg4g2]} 32. Nc4 bxc4 {Weighted Error Value: White=0.90/Black=0.16 (very precise)} 0-1

[Event "Cracovia Chess Festival A 2021"]
[Site "Cracow"]
[Date "2022.01.02"]
[Round "6.6"]
[White "Danielyan, Vahe"]
[Black "Jarmula, Lukasz"]
[Result "0-1"]
[WhiteElo "2332"]
[BlackElo "2426"]
[Annotator "TA"]
[PlyCount "80"]
[EventDate "2021.12.27"]
[EventCountry "POL"]
[SourceTitle "playchess.com"]
[Source "ChessBase"]
[SourceQuality "1"]

{[%evp 11,80,13,10,-9,-6,-6,-7,-12,-11,-11,-8,-12,-12,-15,-10,-19,-10,-19,-8,-9,-14,-51,-43,-44,-39,-82,-79,-53,-39,-47,-46,-48,0,-49,0,0,0,0,0,-22,0,-77,0,-24,-23,-19,0,0,0,-88,-88,-174,-8,-8,-8,-8,-8,-14,-13,-12,-16,-24,11,0,0,-184,0,-258,-258,-1062,-993]} 1. c4 g6 2. Nc3 Bg7 3. g3 c5 4. Bg2 Nc6 5. Nf3 d6 6. O-O Bf5 {is cutting edge theory.} 7. e4 {A37: Symmetrical English vs ...g6: 4 Bg2 Bg7 5 Nf3.} Bg4 8. h3 Bxf3 9. Bxf3 {The position is equal.} e6 10. d3 Nge7 11. h4 {[#]} h5 $146 ({Predecessor:} 11... Nd4 12. Bg2 Nec6 13. Bg5 Qd7 14. Rb1 a6 15. a3 b5 16. e5 Bxe5 17. Ne4 f5 18. Nf6+ Bxf6 19. Bxf6 {0-1 (30) Alaev,P (2101)-Voicu Jagodzinsky,C (2286) Ilichevsk 2006}) 12. Ne2 O-O 13. Rb1 Rb8 14. Be3 b5 15. cxb5 Rxb5 16. d4 Qb6 {[%csl LRb2,LRd4][%cal Rc5d4]} 17. dxc5 dxc5 18. b3 (18. Nc3 $15 {was preferrable.} Rxb2 19. Na4 Rxb1 20. Qxb1) 18... Rd8 $17 19. Qc1 Nd4 20. Nxd4 cxd4 21. Bg5 {[#]} Rc8 22. Qd1 (22. Qd2 $1 $11 f6 23. Bh6) 22... Qd6 (22... Nc6 $15 {should be considered.}) 23. Be2 $11 Rbc5 24. Bd3 Nc6 25. Bd2 {To avoid Nb4} a5 26. a3 (26. Qe2 $11 {remains equal.}) 26... Rc3 {Black is more active.} 27. Bxc3 (27. Ba6 $5 {[%cal Rd2c3]} Rxg3+ 28. fxg3 Qxg3+ 29. Kh1 $11) 27... dxc3 28. Ba6 {[%csl LRc8,LRd6]} Rd8 29. Qxd6 Rxd6 30. Rbd1 (30. Rbc1 $1 $11) 30... Nd4 $1 $17 {[%mdl 1024] Black has strong compensation.} 31. Bc4 (31. Bd3 $17) 31... Nf3+ $2 (31... c2 $19 {aiming for ...Nf3+.} 32. Rc1 Bf8) 32. Kg2 $11 Nd2 33. Rfe1 a4 34. bxa4 {Black must now prevent e5.} Nxc4 35. Rxd6 Nxd6 36. a5 {[%cal Ba4a5,Ba5a6][%mdl 32] And now a6 would win.} Nc4 37. a6 Bd4 {Hoping for ...c2.} 38. a4 $2 {[#]} (38. Rc1 $11 {and White has nothing to worry.}) 38... Nb2 $2 (38... c2 $1 $19 39. Kf1 Kf8) 39. Re2 {[%mdl 8192] [#]} (39. Rc1 $11 Nxa4 40. Ra1) 39... Nd3 $1 $19 ({Not} 39... Nxa4 40. Kf1 $15 (40. Ra2 $2 Nb2 $19)) 40. e5 $2 (40. Kf1 Nb4 41. Ke1) 40... c2 {Weighted Error Value: White=0.64/Black=0.25 (precise)} 0-1

[Event "Cracovia Chess Festival A 2021"]
[Site "Cracow"]
[Date "2022.01.02"]
[Round "6.7"]
[White "Golubka, Petro"]
[Black "Chylewski, Patryk"]
[Result "1/2-1/2"]
[WhiteElo "2408"]
[BlackElo "2303"]
[Annotator "TA"]
[PlyCount "65"]
[EventDate "2021.12.27"]
[EventCountry "POL"]
[SourceTitle "playchess.com"]
[Source "ChessBase"]
[SourceQuality "1"]

{[%evp 9,65,-29,-6,0,0,0,0,2,34,22,22,10,12,0,1,-1,38,27,28,27,37,12,14,14,18,13,13,20,20,0,0,0,68,71,70,78,78,73,48,0,20,15,37,-17,0,0,0,0,0,0,0,0,0,0,0,0,0,0]} 1. e4 c5 2. a3 e6 3. d3 Nc6 4. f4 d5 5. Nf3 dxe4 (5... g6 {with more complications.} 6. Be2 Bg7 7. c3 Nge7 8. Be3 b6) 6. dxe4 {B20: Sicilian: Unusual White 2nd moves.} Qxd1+ 7. Kxd1 {[#]} Nf6 $146 ({Predecessor:} 7... Bd7 8. Nc3 Nd4 9. Nxd4 cxd4 10. Nb5 Bxb5 11. Bxb5+ Kd8 12. Ke2 Nf6 13. e5 Nd5 {0-1 (31) Strnad,P (568)-Bortnicker,J (891) LSS email 2017}) 8. e5 Nd5 9. c4 Nc7 10. Nc3 {[%cal Bb1c3,Bc3d1,Bd1f2][%mdl 32]} b6 11. Kc2 Bb7 12. Be3 {Prevents Nd4+.} Rd8 13. Rd1 {Inhibits Nd4+.} (13. Bd3 {seems wilder.} f5 14. exf6 gxf6 15. g4 Kd7 16. Rhf1) 13... Rxd1 14. Nxd1 Be7 15. Nf2 O-O 16. Bd3 Na5 17. b3 Bxf3 18. gxf3 Rd8 19. Be4 b5 20. Bd3 a6 (20... bxc4 $11 21. bxc4 Na8) 21. Rd1 $14 Nc6 22. Be4 Nd4+ 23. Bxd4 cxd4 24. Ra1 (24. a4 $14) 24... bxc4 25. bxc4 a5 26. f5 (26. Rb1 $14) 26... Na6 {The position is equal.} 27. fxe6 fxe6 28. Bc6 Nc5 29. Nd3 Rb8 30. Bb5 Rf8 31. Bc6 Rb8 32. Bb5 Rf8 33. Bc6 {Weighted Error Value: White=0.09 (flawless) /Black=0.09 (flawless)} 1/2-1/2

[Event "Cracovia Chess Festival A 2021"]
[Site "Cracow"]
[Date "2022.01.02"]
[Round "6.8"]
[White "Pniaczek, Marek"]
[Black "Lewtak, Damian"]
[Result "1-0"]
[WhiteElo "2329"]
[BlackElo "2383"]
[Annotator "TA"]
[PlyCount "103"]
[EventDate "2021.12.27"]
[EventCountry "POL"]
[SourceTitle "playchess.com"]
[Source "ChessBase"]
[SourceQuality "1"]

{[%evp 17,103,25,26,11,18,3,10,5,20,13,15,33,35,35,61,59,64,27,22,22,38,27,31,21,69,21,13,20,58,60,58,56,69,40,43,50,46,18,32,17,50,60,62,37,38,37,38,38,48,48,122,114,114,0,0,0,63,71,124,53,146,31,29,27,34,31,50,50,50,50,50,51,120,104,120,120,120,120,120,110,5430,5430,5398,5381,5133,5107,1012,819]} 1. e4 c6 2. Nc3 d5 3. Nf3 g6 4. d4 Bg7 5. h3 dxe4 6. Nxe4 Nf6 7. Nxf6+ exf6 8. Bc4 $1 {8.Bc4 scores better than 8.Bd3.} O-O 9. O-O Nd7 10. Bf4 {B15: Caro-Kann: 3 Nc3: 3...g6 and 3...dxe4 4 Nxe4 Nf6 5 Nxf6+ exf6.} b5 11. Bb3 Nb6 12. Re1 {The position is equal.} a5 13. a4 {[#]} bxa4 $146 ({Predecessor:} 13... Nd5 14. Bg3 Be6 15. Qd2 Qd7 16. Re2 Nb4 17. Qc3 Bxb3 18. Qxb3 Qd5 19. Qe3 Qf5 {1-0 (41) Jansa,V (2477)-Westerinen,H (2345) Bad Zwischenahn 2008}) 14. Bxa4 Nxa4 15. Rxa4 h5 16. Bd2 {White is much more active. Black has bad knights.} Bf5 17. Bc3 Qd5 18. Qe2 c5 19. Rea1 Rfe8 20. Qd1 cxd4 (20... Be4 $11) 21. Rxa5 (21. Qxd4 Qc6 $11) (21. Nxd4 $14 Bc8 22. Rxa5 Rxa5 23. Rxa5) 21... Rxa5 $11 22. Rxa5 Qe4 23. Nxd4 Rd8 24. Qd2 {Prevents Qf4.} Bf8 25. Qe3 (25. Ra4 {seems wilder.} Bd7 26. Ra1 Bc6 27. f3 Qd5 28. Nb3) 25... Qxe3 26. fxe3 Be4 27. Be1 f5 28. c3 Bg7 29. Bg3 g5 30. Be5 {Threatens to win with Bxg7.} ({Don't play} 30. Nxf5 Rd1+ 31. Kf2 (31. Kh2 Rd2 $11) 31... h4 $11) 30... f6 31. Bc7 Rd7 32. Ra7 Bf8 {And now ...Bc5 would win.} 33. Bb6 {Prevents Bc5.} Rd5 (33... Rxa7 $14 34. Bxa7 Bd6) 34. c4 $16 Re5 35. Bc7 (35. Kf2 $16) 35... Re8 $11 {[%cal Of5f4]} 36. Bb6 Rc8 {To avoid c5} (36... Re5 $1 $11) 37. b3 $14 Bd6 ({Better is} 37... h4) 38. Rd7 (38. Ne6 $1 $16) 38... Bb4 {[#]} ({Black should try} 38... Bg3 $14) 39. Rd8+ (39. Bd8 $1 $16) 39... Rxd8 40. Bxd8 {[%mdl 4096] Endgame KBB-KBN} Kf7 41. g3 {Inhibits f4.} f4 42. gxf4 gxf4 {aiming for ...Bd2.} 43. Kf2 ({Don't go for} 43. exf4 $2 Bc5 44. Kf1 Bxd4 $19) 43... Bc5 44. Ba5 Bd3 (44... Bb1 $14) 45. Bc3 fxe3+ 46. Kxe3 Bf1 {[#]} 47. h4 $1 Bb6 48. Bb4 Bxd4+ $2 {[%mdl 8192] This move loses the game for Black.} (48... Ke8 $16 49. c5 Bc7) 49. Kxd4 $18 {White is clearly winning.} Ke6 50. Kc5 Kd7 51. Bc3 Ke6 52. Kb6 {Weighted Error Value: White=0.18 (very precise) /Black=0.19 (very precise)} 1-0